África en blanco y negro (Registro nro. 143481)

Detalles MARC
000 -LEADER
campo de control de longitud fija 00766nam a2200229 i 4500
001 - NÚMERO DE CONTROL
campo de control 143481
003 - IDENTIFICADOR DE NÚMERO DE CONTROL
campo de control ES-MaACL
005 - FECHA Y HORA DE LA ÚLTIMA TRANSACCIÓN
campo de control 20260209164529.0
007 - CAMPO FIJO DE DESCRIPCIÓN FÍSICA--INFORMACIÓN GENERAL
campo de control de longitud fija t|
008 - DATOS DE LONGITUD FIJA--INFORMACIÓN GENERAL
campo de control de longitud fija 070214s1945 sp f r ||||1| spa d
080 ## - NÚMERO DE LA CLASIFICACIÓN DECIMAL UNIVERSAL
Número de la Clasificación Decimal Universal 913(6)
080 ## - NÚMERO DE LA CLASIFICACIÓN DECIMAL UNIVERSAL
Número de la Clasificación Decimal Universal 94(100)"1939/45"
100 1# - ENTRADA PRINCIPAL--NOMBRE DE PERSONA
Nombre de persona Sentís, Carlos.
9 (RLIN) 105483
245 10 - MENCIÓN DEL TÍTULO
Título África en blanco y negro
Resto del título : del Congo a Argel con el general De Gaulle /
Mención de responsabilidad, etc. Carlos Sentís.
260 ## - PUBLICACIÓN, DISTRIBUCIÓN, ETC.
Lugar de publicación, distribución, etc. Barcelona :
Nombre del editor, distribuidor, etc. [s.n.],
Fecha de publicación, distribución, etc. 1945 (
Fabricante Tip. Salvador Rosás Bayer)
300 ## - DESCRIPCIÓN FÍSICA
Extensión 225 p., 56 lám. ;
Dimensiones 21 cm.
600 14 - PUNTO DE ACCESO ADICIONAL DE MATERIA--NOMBRE DE PERSONA
Nombre de persona Gaulle, Charles de,
Fechas asociadas al nombre 1890-1970
9 (RLIN) 56005
650 #4 - PUNTO DE ACCESO ADICIONAL DE MATERIA--TÉRMINO DE MATERIA
Término de materia o nombre geográfico como elemento de entrada Guerra mundial, 1939-1945-
Subdivisión general Campañas-
Subdivisión geográfica África.
9 (RLIN) 155226
651 #4 - PUNTO DE ACCESO ADICIONAL DE MATERIA--NOMBRE GEOGRÁFICO
Nombre geográfico África-
Subdivisión general Descripción
9 (RLIN) 7593
852 ## - LOCALIZACIÓN
Ubicación ES-MaACL
Número de control de estantería F-16221
Existencias
Estatus retirado Estado de pérdida Estado de daño No para préstamo Biblioteca de origen Biblioteca actual Ubicación en estantería Fecha de adquisición Fuente de adquisición Total de préstamos Signatura topográfica completa Código de barras Visto por última vez Precio de reemplazo Tipo de ítem Koha
        Biblioteca del Ateneo de Madrid Biblioteca del Ateneo de Madrid Sala Pecera Planta 2 17/01/2008     F-16221 1149282 23/02/2023 23/02/2023 Libro impreso